Plant breeding for water-limited environments (Record no. 74680)

MARC details
000 -LEADER
fixed length control field 00319nam a22001217a 4500
020 ## - INTERNATIONAL STANDARD BOOK NUMBER
ISBN 978-1-493-97621-8
082 ## - DEWEY DECIMAL CLASSIFICATION NUMBER
Classification number 575:631.52
Item number BLU
100 ## - MAIN ENTRY--AUTHOR NAME
Personal name BLUM (Abraham)
245 ## - TITLE STATEMENT
Title Plant breeding for water-limited environments
260 ## - PUBLICATION, DISTRIBUTION, ETC. (IMPRINT)
Place of publication New York
Name of publisher Springer Science Business media
Year of publication 2011
300 ## - PHYSICAL DESCRIPTION
Number of Pages 255p.
942 ## - ADDED ENTRY ELEMENTS (KOHA)
Koha item type Books
Holdings
Withdrawn status Lost status Damaged status Not for loan Home library Current library Date acquired Source of acquisition Cost, normal purchase price Full call number Accession Number Koha item type
        RRII Library RRII Library 11/05/2022 Purchased from Jain Books, New Delhi Inv No. JBP/2021-22/dtd 19.3.22 for Rs 1797 2995.00 575:631.52 BLU 23538 Books